Normale Ansicht MARC-Ansicht ISBD

Über 1 Million Euro Mehrkosten. (Titelsatznr. 372591)

[ MARC ]
MARC-Details
000 -Satzkennung
Kontrollfeld mit fester Länge 00716nab a2200193 4500
001 - Kontrollnummer
Kontrollfeld 244442
003 - Kontrollnummer Identifier
Kontrollfeld OSt
005 - Datum und Zeit der letzten Transaktion
Kontrollfeld 20230628160928.0
007 - Feld mit fester Länge zur physischen Beschreibung - Allgemeine Information
Kontrollfeld mit fester Länge tu
008 - Feld mit fester Länge zur physischen Beschreibung - Allgemeine Angaben
Kontrollfeld mit fester Länge 200917s2020|||||||
040 ## - Katalogisierungsquelle
Original-Katalogisierungsstelle DE-2950
Übertragungsstelle DE-2950
245 00 - Titel
Titel Über 1 Million Euro Mehrkosten.
Zusatz zum Titel Investition. Die Oberschule "Heinrich von Kleist" in Frankfurt bekommt einen Neubau. Weil die Baupreise steigen, wird jedoch auch Haus 2 teurer als geplant. Die Stadt setzt dafür Fördermittel ein /
Verfasserangabe etc. Lisa Mahlke
264 ## - Produktion, Veröffentlichung, Distribution, Herstellung und Urheberrechtsvermerk
Datum der Herstellung, der Veröffentlichung, des Vertriebs oder des Urheberschutzvermerks 2023
653 ## - Indexierungsterm - Nicht normiert
Nicht-normierter Term Frankfurt (Oder)
653 ## - Indexierungsterm - Nicht normiert
Nicht-normierter Term Oberschule Heinrich von Kleist
653 ## - Indexierungsterm - Nicht normiert
Nicht-normierter Term Kleistschule
773 0# - Übergeordnete Einheit
Verknüpfungsangaben 34. Jahrgang (2023) Nr. 142 vom 21.06.2023, S. 15: mit Foto
Titel Märkische Oderzeitung
942 ## - Zusätzliche Felder (Koha)
Klassifikation oder Aufstellungssystematik Andere/Generische Klassifikation
Koha-Medientyp Aufsätze
Exemplare
Ausgeschieden Verloren Klassifikation oder Aufstellungssystematik Beschädigt Nicht entleihbar Heimatbibliothek Aufenthaltsbibliothek Erwerbungsdatum Anzahl Ausleihen Signatur Letzte Aktivität Preis gültig von Koha-Medientyp
    Andere/Generische Klassifikation     Stadtarchiv Frankfurt (Oder) | Archivbibliothek Stadtarchiv Frankfurt (Oder) | Archivbibliothek 28/06/2023   Z2 28/06/2023 28/06/2023 Aufsätze